Départements français sans autoroute - Statistiques

Statistiques générales
  • Ce quiz a été pris 608 fois
  • Le résultat moyen est 8 sur 13
Statistiques - réponses
Département % Correct
Finistère
83%
Morbihan
79%
Côtes-d'Armor
78%
Corse-du-Sud
70%
Guadeloupe
70%
Haute-Corse
70%
La Réunion
67%
Mayotte
66%
Guyane
64%
Ardèche
55%
Gers
52%
Charente
33%
Haute-Saône
26%
Aucun quiz correspondant
Distribution des résultats
% des personnes avec chaque résultat
Percentile par nombre de réponses
Votre historique - résultats
Vous n’avez pas pris ce quiz